The speak of the Mearns / (Record no. 184)

MARC details
000 -LEADER
fixed length control field 01044cam a2200289 a 4500
001 - CONTROL NUMBER
control field 12505795
005 - DATE AND TIME OF LATEST TRANSACTION
control field 20200421093821.0
008 - FIXED-LENGTH DATA ELEMENTS--GENERAL INFORMATION
fixed length control field 010817s2001 stk b 000 1 eng
010 ## - LIBRARY OF CONGRESS CONTROL NUMBER
LC control number 2001411432
020 ## - INTERNATIONAL STANDARD BOOK NUMBER
International Standard Book Number 0748661670
040 ## - CATALOGING SOURCE
Original cataloging agency DLC
Transcribing agency DLC
Modifying agency DLC
050 00 - LIBRARY OF CONGRESS CALL NUMBER
Classification number PR6025.I833
Item number S64 2001
082 00 - DEWEY DECIMAL CLASSIFICATION NUMBER
Classification number 823/.912
Edition information 21
100 1# - MAIN ENTRY--PERSONAL NAME
Personal name Gibbon, Lewis Grassic,
Dates associated with a name 1901-1935.
9 (RLIN) 320
245 14 - TITLE STATEMENT
Title The speak of the Mearns /
Statement of responsibility, etc. Lewis Grassic Gibbon ; introduced by Ian Campbell and Jeremy Idle.
260 ## - PUBLICATION, DISTRIBUTION, ETC.
Place of publication, distribution, etc. Edinburgh, Scotland :
Name of publisher, distributor, etc. Polygon,
Date of publication, distribution, etc. 2001.
300 ## - PHYSICAL DESCRIPTION
Extent 265 p. ;
Dimensions 20 cm.
440 #0 - SERIES STATEMENT/ADDED ENTRY--TITLE
Title Polygon Lewis Grassic Gibbon series
9 (RLIN) 321
504 ## - BIBLIOGRAPHY, ETC. NOTE
Bibliography, etc. note Includes bibliographical references (p. [266-267]).
650 #0 - SUBJECT ADDED ENTRY--TOPICAL TERM
Topical term or geographic name entry element Boys
Form subdivision Fiction.
9 (RLIN) 322
651 #0 - SUBJECT ADDED ENTRY--GEOGRAPHIC NAME
Geographic name Kincardineshire (Scotland)
Form subdivision Fiction.
9 (RLIN) 323
655 #7 - INDEX TERM--GENRE/FORM
Genre/form data or focus term Bildungsromans.
Source of term gsafd
9 (RLIN) 220
906 ## - LOCAL DATA ELEMENT F, LDF (RLIN)
a 7
b cbc
c orignew
d 3
e ncip
f 20
g y-gencatlg
942 ## - ADDED ENTRY ELEMENTS (KOHA)
Source of classification or shelving scheme Dewey Decimal Classification
Koha item type Books
Holdings
Withdrawn status Lost status Damaged status Not for loan Collection Home library Current library Shelving location Date acquired Barcode Date last seen Price effective from Koha item type
        Reference Centerville Centerville General stacks 09/04/2014 39999000007718 09/04/2014 09/04/2014 Books